| 000 | 00620nam a22001937a 4500 | ||
|---|---|---|---|
| 005 | 20240926162926.0 | ||
| 010 | _aENG-141797 | ||
| 020 |
_a9789357318815 _c399.00 |
||
| 035 | _aEN-125329 | ||
| 037 | _bDBAD | ||
| 082 | _aS | ||
| 100 |
_aGautier, Ari _972059 |
||
| 245 |
_aNocturne Pondicherry/ _cBy Ari Gautier [and] Translated By Roopam Singh |
||
| 260 |
_aGurugram _bHachelle Book Publishing India Pvt Ltd _c2024 |
||
| 270 |
_a4th & 5th Floor, Corporate Centre, Plot No. 94, Sector 44 _bGurugram _e122003 |
||
| 300 |
_a135p. _c20cm.(pb) |
||
| 700 |
_aRoopam Singh _eTranslated _972060 |
||
| 942 |
_2ddc _cEN _hS _mGAU |
||
| 999 |
_c205952 _d205952 |
||